[Event "Bundesliga 2425"]
[Site "Germany"]
[Date "2025.03.24"]
[Round "12.4"]
[White "Harikrishna, Pentala"]
[Black "Michalik, Peter"]
[Result "1-0"]
[WhiteElo "2686"]
[BlackElo "2564"]
[PlyCount "207"]
[EventDate "2024.09.28"]
[EventType "team-tourn"]
[EventRounds "15"]
[EventCountry "GER"]
[SourceTitle "CB13_2025"]
[SourceDate "2025.03.26"]
[SourceVersion "1"]
[SourceVersionDate "2025.03.26"]
[SourceQuality "1"]
[WhiteTeam "Solingen"]
[BlackTeam "Dresden TU"]
[WhiteTeamCountry "GER"]
[BlackTeamCountry "GER"]

1. e4 e5 2. Nf3 Nf6 3. Nxe5 d6 4. Nd3 Nxe4 5. Qe2 Qe7 6. Nf4 Nf6 7. Nc3 Nc6 8. Ncd5 Nxd5 9. Nxd5 Qxe2+ 10. Bxe2 Kd8 11. c3 Ne7 12. Nf4 g6 13. d4 h5 14. 0-0 Bh6 15. Re1 Bf5 16. Bc4 Rh7 17. Nd5 Nxd5 18. Bxh6 c6 19. Bxd5 cxd5 20. Bg5+ f6 21. Bxf6+ Kd7 22. Re3 Re8 23. Rxe8 Kxe8 24. Re1+ Kd7 25. f3 Rf7 26. Bg5 Be6 27. h3 Rf5 28. Be3 Rf8 29. Kf2 a5 30. Ke2 a4 31. g4 Rc8 32. Rb1 b6 33. Kf2 a3 34. bxa3 Rxc3 35. Rxb6 Rxa3 36. Rb2 Kc6 37. Rc2+ Kd7 38. Re2 Ra4 39. Kg3 Ke7 40. Bg5+ Kf7 41. Rd2 Bc8 42. Bf4 Ke7 43. Kh4 Ra3 44. Re2+ Be6 45. Re3 Ra4 46. Rd3 hxg4 47. hxg4 Bc8 48. Bg5+ Kf7 49. Rc3 Bd7 50. Re3 Be6 51. Rb3 Bc8 52. Rb8 Ba6 53. Rb6 Rxa2 54. Rxd6 Be2 55. Rf6+ Kg7 56. Kg3 Ra6 57. Rf4 Bd1 58. Bd8 Ra7 59. Bf6+ Kf8 60. g5 Rh7 61. Kg2 Bc2 62. Rg4 Bf5 63. Rg3 Kf7 64. Kf2 Rh2+ 65. Ke3 Rh3 66. Rg1 Ke6 67. Kf4 Rh4+ 68. Kg3 Rh3+ 69. Kg2 Rh7 70. Re1+ Kd6 71. Be5+ Ke6 72. Bf6+ Kd6 73. Re8 Kd7 74. Ra8 Rh3 75. Ra5 Ke6 76. Ra6+ Kd7 77. Kf2 Bd3 78. Ra7+ Ke6 79. Kg2 Bf5 80. Rb7 Kd6 81. Be5+ Ke6 82. Rb6+ Ke7 83. Bf6+ Kd7 84. Ra6 Rh5 85. Kg3 Rh3+ 86. Kf4 Bd3 87. Rb6 Be2 88. Rb3 Bd1 89. Rc3 Ke6 90. Be5 Rh4+ 91. Kg3 Rh1 92. Rc6+ Kf7 93. Rf6+ Kg7 94. f4 Bh5 95. Kg2 Rh4 96. Rd6+ Kf7 97. Rxd5 Ke6 98. Rc5 Kf5 99. d5 Ke4 100. d6 Bf3+ 101. Kg3 Rg4+ 102. Kh3 Rg1 103. Rc4+ Kd3 104. d7 1-0

[Event "Bundesliga 2425"]
[Site "Germany"]
[Date "2025.02.22"]
[Round "9.7"]
[White "Michalik, Peter"]
[Black "Nasuta, Grzegorz"]
[Result "1/2-1/2"]
[WhiteElo "2564"]
[BlackElo "2545"]
[PlyCount "147"]
[EventDate "2024.09.28"]
[EventType "team-tourn"]
[EventRounds "15"]
[EventCountry "GER"]
[SourceTitle "CB09_2025"]
[SourceDate "2025.02.27"]
[SourceVersion "1"]
[SourceVersionDate "2025.02.27"]
[SourceQuality "1"]
[WhiteTeam "Dresden TU"]
[BlackTeam "Heimbach Weis Neuwied"]
[WhiteTeamCountry "GER"]
[BlackTeamCountry "GER"]

1. d4 d5 2. c4 c6 3. Nf3 Nf6 4. g3 Bg4 5. Ne5 Bf5 6. cxd5 cxd5 7. Nc3 Nc6 8. f3 Rc8 9. Bf4 g6 10. Nxc6 Rxc6 11. e4 dxe4 12. d5 Rxc3 13. bxc3 a6 14. g4 Bc8 15. fxe4 Bxg4 16. Qa4+ Bd7 17. Qd4 Bg7 18. Be5 0-0 19. Be2 Ne8 20. Bxg7 Nxg7 21. h4 Qc7 22. 0-0-0 Rc8 23. Kb2 e5 24. Qe3 Qc5 25. Qg3 Bb5 26. Bg4 Rd8 27. Qxe5 h5 28. Bh3 Qf2+ 29. Ka1 Bc4 30. Qh2 Qxh4 31. Rd4 b5 32. Qd2 Qg3 33. Bf1 Qf3 34. Bg2 Qg3 35. Re1 Qe5 36. Bf1 Bxf1 37. Rxf1 Ne8 38. Qf4 Qxf4 39. Rxf4 f6 40. c4 bxc4 41. Rxc4 Kg7 42. Kb2 g5 43. Rf1 Kg6 44. Kc3 Nd6 45. Ra4 h4 46. Rxa6 Nxe4+ 47. Kd4 Nd6 48. Kc5 Ne4+ 49. Kd4 Nd6 50. Kc5 Nf5 51. Ra3 g4 52. Rd3 h3 53. a4 h2 54. Rh1 Rh8 55. d6 g3 56. d7 g2 57. Rdd1 gxh1Q 58. Rxh1 Ng7 59. Kc6 Ne6 60. a5 Kf7 61. a6 Rh3 62. a7 Rc3+ 63. Kb6 Rb3+ 64. Kc6 Rc3+ 65. Kb6 Rb3+ 66. Kc6 Ra3 67. Kb6 Ke7 68. Rxh2 Kxd7 69. Rd2+ Ke7 70. Re2 f5 71. Kb7 Rb3+ 72. Kc6 Rc3+ 73. Kb7 Rb3+ 74. Kc6 1/2-1/2

[Event "SVK-chT 2425"]
[Site "Slovakia"]
[Date "2025.01.18"]
[Round "3.1"]
[White "Michalik, Peter"]
[Black "Karacsonyi, Gellert"]
[Result "1-0"]
[WhiteElo "2558"]
[BlackElo "2384"]
[PlyCount "97"]
[EventDate "2024.11.23"]
[EventType "team-tourn"]
[EventRounds "11"]
[EventCountry "SVK"]
[SourceTitle "CB14_2025"]
[SourceDate "2024.11.01"]
[SourceVersion "1"]
[SourceVersionDate "2024.11.01"]
[SourceQuality "1"]
[WhiteTeam "Modra"]
[BlackTeam "Komarno"]
[WhiteTeamCountry "SVK"]
[BlackTeamCountry "SVK"]

1. d4 Nf6 2. c4 e6 3. Nf3 d5 4. Nc3 dxc4 5. e4 b5 6. e5 Nd5 7. Nxb5 Nb6 8. Be2 Nc6 9. Be3 Be7 10. a3 Qd7 11. Nc3 Bb7 12. Qc2 Na5 13. Rd1 f5 14. h4 0-0 15. h5 Rab8 16. 0-0 Ba6 17. h6 g6 18. d5 Bb7 19. dxe6 Qxe6 20. Nb5 f4 21. Nxc7 Qf5 22. Qxf5 Rxf5 23. Bd2 Nb3 24. Bc3 Nc5 25. Nb5 Ne4 26. Bd4 Bc5 27. Rfe1 Bxd4 28. Rxd4 Ng5 29. Nd6 Bxf3 30. Nxf5 Bxe2 31. Ne7+ Kf7 32. Nc6 Rc8 33. Rxf4+ Ke8 34. Nxa7 Bd3 35. Nxc8 Nxc8 36. Rd4 Ne7 37. Re3 Ne6 38. Rdxd3 cxd3 39. Rxd3 Nf4 40. Rd6 Nf5 41. Rf6 Nd3 42. Rxg6 Nxb2 43. g4 Nh4 44. Rg8+ Kf7 45. Rg7+ Ke6 46. Rxh7 Nd3 47. Rg7 Nxe5 48. h7 Neg6 49. f4 1-0

[Event "CZE-ch Blitz"]
[Site "Brno"]
[Date "2024.12.21"]
[Round "9"]
[White "Michalik, Peter"]
[Black "Piesik, Piotr"]
[Result "1-0"]
[WhiteElo "2561"]
[BlackElo "2419"]
[PlyCount "77"]
[EventDate "2024.12.21"]
[EventType "swiss (blitz)"]
[EventRounds "15"]
[EventCountry "CZE"]
[SourceTitle "CB52_2024"]
[SourceDate "2024.12.25"]
[SourceVersion "1"]
[SourceVersionDate "2024.12.25"]
[SourceQuality "1"]

1. d4 d5 2. c4 c6 3. Nf3 Nf6 4. e3 Bf5 5. Nc3 e6 6. Nh4 Bg6 7. Be2 Nbd7 8. Qb3 Qc7 9. Nxg6 hxg6 10. g3 a5 11. Bd2 a4 12. Qc2 dxc4 13. Bxc4 b5 14. Be2 Qb6 15. 0-0 a3 16. b3 Nd5 17. Nxd5 cxd5 18. Rac1 Bd6 19. Qc6 Ke7 20. Qxb6 Nxb6 21. Bxb5 Rhc8 22. Rxc8 Rxc8 23. Rc1 f6 24. Rxc8 Nxc8 25. Kf1 Na7 26. Ba4 e5 27. Ke2 Nc8 28. Kd3 Nb6 29. Bc6 Ke6 30. h3 g5 31. g4 exd4 32. exd4 Nc8 33. Kc3 Ne7 34. Be8 Nc8 35. Bc1 Be7 36. Bg6 Nd6 37. Bd3 Ne8 38. b4 Nd6 39. Bxa3 1-0

[Event "CZE-ch Blitz"]
[Site "Brno"]
[Date "2024.12.21"]
[Round "13"]
[White "Plat, Vojtech"]
[Black "Michalik, Peter"]
[Result "0-1"]
[WhiteElo "2457"]
[BlackElo "2561"]
[PlyCount "118"]
[EventDate "2024.12.21"]
[EventType "swiss (blitz)"]
[EventRounds "15"]
[EventCountry "CZE"]
[SourceTitle "CB52_2024"]
[SourceDate "2024.12.25"]
[SourceVersion "1"]
[SourceVersionDate "2024.12.25"]
[SourceQuality "1"]

1. e4 e5 2. Nf3 Nf6 3. Nxe5 d6 4. Nc4 Nxe4 5. Qe2 Qe7 6. Ne3 c6 7. b3 Nf6 8. Bb2 Nbd7 9. g3 g6 10. Nc4 Qxe2+ 11. Bxe2 d5 12. Ne5 Bg7 13. Nxd7 Bxd7 14. Bf3 0-0-0 15. 0-0 Rde8 16. d3 h5 17. Nd2 Re6 18. Rfe1 Rhe8 19. Rxe6 Rxe6 20. a4 Bh6 21. Nf1 Ng4 22. a5 Re8 23. Bd4 a6 24. h3 Ne5 25. Bg2 f5 26. f4 Nf7 27. h4 Bf8 28. Kf2 Nd8 29. Nd2 Ne6 30. Bb6 Bb4 31. Nf3 Bc3 32. Rd1 c5 33. Ne5 Bxe5 34. fxe5 Bc6 35. c3 d4 36. Bxc6 bxc6 37. cxd4 Nxd4 38. Bxc5 Nxb3 39. Bd6 Kd7 40. Rb1 Nxa5 41. Bb4 Rb8 42. e6+ Ke8 43. Rb2 c5 44. Bc3 Rxb2+ 45. Bxb2 Ke7 46. Ba3 Nb3 47. Ke3 Kxe6 48. Kf4 a5 49. Kg5 Kf7 50. Bb2 Nd4 51. Kf4 Kf6 52. Bc3 a4 53. Bb2 Ke6 54. Kg5 Kf7 55. Kf4 Nc2 56. Ke5 a3 57. Bc3 Nb4 58. d4 cxd4 59. Kxd4 a2 0-1

[Event "CZE-chT1W 2425"]
[Site "Czech Republic"]
[Date "2024.12.08"]
[Round "4.1"]
[White "Sulypa, Oleksandr"]
[Black "Michalik, Peter"]
[Result "1/2-1/2"]
[WhiteElo "2450"]
[BlackElo "2564"]
[PlyCount "96"]
[EventDate "2024.10.20"]
[EventType "team-tourn"]
[EventRounds "11"]
[EventCountry "CZE"]
[SourceTitle "CB16_2025"]
[SourceDate "2025.04.16"]
[SourceVersion "1"]
[SourceVersionDate "2025.04.16"]
[SourceQuality "1"]
[WhiteTeam "Praha Dopravni Podnik"]
[BlackTeam "Unichess MGMBA"]
[WhiteTeamCountry "CZE"]
[BlackTeamCountry "CZE"]

1. c4 Nf6 2. Nf3 e6 3. Nc3 d5 4. d4 Nbd7 5. cxd5 exd5 6. Bg5 h6 7. Bh4 c6 8. e3 Be7 9. Qc2 0-0 10. Bd3 Re8 11. 0-0 Ne4 12. Bxe4 Bxh4 13. Bh7+ Kh8 14. Bd3 Be7 15. Rfe1 Nf6 16. Ne5 Kg8 17. h3 Be6 18. f4 c5 19. Bb5 Rf8 20. Rad1 Qc7 21. Bd3 a6 22. Bf5 b5 23. Bxe6 fxe6 24. Qg6 Qc8 25. Rf1 Qe8 26. f5 b4 27. Ne2 exf5 28. Rxf5 Bd6 29. Nf4 Rd8 30. b3 Qxg6 31. Nexg6 Rfe8 32. dxc5 Bxc5 33. Nxd5 Nxd5 34. Rdxd5 Bxe3+ 35. Kf1 Kh7 36. Nh4 Rc8 37. Rfe5 Rf8+ 38. Rf5 Rc1+ 39. Ke2 Re8 40. Rfe5 Rxe5 41. Rxe5 Bg5 42. Nf3 Rc2+ 43. Kf1 Rxa2 44. Nxg5+ hxg5 45. Rxg5 Ra3 46. Rg3 a5 47. Rg5 Kh6 48. h4 Rxb3 1/2-1/2

[Event "Bundesliga 2425"]
[Site "Germany"]
[Date "2024.12.01"]
[Round "4.5"]
[White "Shirov, Alexei"]
[Black "Michalik, Peter"]
[Result "1/2-1/2"]
[WhiteElo "2666"]
[BlackElo "2564"]
[PlyCount "61"]
[EventDate "2024.09.28"]
[EventType "team-tourn"]
[EventRounds "15"]
[EventCountry "GER"]
[SourceTitle "CB49_2024"]
[SourceDate "2024.12.04"]
[SourceVersion "1"]
[SourceVersionDate "2024.12.04"]
[SourceQuality "1"]
[WhiteTeam "Baden-Baden"]
[BlackTeam "Dresden TU"]
[WhiteTeamCountry "GER"]
[BlackTeamCountry "GER"]

1. e4 e5 2. Nf3 Nc6 3. Bb5 Nf6 4. 0-0 Nxe4 5. Re1 Nd6 6. a4 Be7 7. Nc3 e4 8. Nxe4 Nxe4 9. Rxe4 d5 10. Re1 0-0 11. d4 Bg4 12. c3 Bd6 13. h3 Bh5 14. Bd3 Bg6 15. b4 Re8 16. Rxe8+ Qxe8 17. Bxg6 hxg6 18. Ba3 Qd7 19. b5 Na5 20. Bxd6 cxd6 21. Nd2 Rc8 22. Rc1 a6 23. Qf3 Qf5 24. Qg3 axb5 25. axb5 Nc4 26. Nxc4 dxc4 27. Qxd6 Qxb5 28. Re1 Re8 29. Rxe8+ Qxe8 30. Kh2 Qe1 31. Qd8+ 1/2-1/2

[Event "Bundesliga 2425"]
[Site "Germany"]
[Date "2024.11.30"]
[Round "3.5"]
[White "Michalik, Peter"]
[Black "Kamsky, Gata"]
[Result "1/2-1/2"]
[WhiteElo "2564"]
[BlackElo "2609"]
[PlyCount "46"]
[EventDate "2024.09.28"]
[EventType "team-tourn"]
[EventRounds "15"]
[EventCountry "GER"]
[SourceTitle "CB49_2024"]
[SourceDate "2024.12.04"]
[SourceVersion "1"]
[SourceVersionDate "2024.12.04"]
[SourceQuality "1"]
[WhiteTeam "Dresden TU"]
[BlackTeam "Deizisau"]
[WhiteTeamCountry "GER"]
[BlackTeamCountry "GER"]

1. d4 Nf6 2. c4 g6 3. Nc3 Bg7 4. e4 d6 5. Be2 e5 6. dxe5 dxe5 7. Qxd8+ Kxd8 8. f4 Nc6 9. Nf3 Be6 10. 0-0 h6 11. f5 gxf5 12. exf5 Bd7 13. Be3 Re8 14. h3 Kc8 15. g4 e4 16. Nd2 Nb4 17. Rac1 a5 18. Rfd1 Bc6 19. Bd4 Rd8 20. Be5 Re8 21. Bd4 Rd8 22. Be5 Re8 23. Bd4 Rd8 1/2-1/2

[Event "CZE-chT 2425"]
[Site "Czech Republic"]
[Date "2024.11.03"]
[Round "2.2"]
[White "Michalik, Peter"]
[Black "Nasuta, Grzegorz"]
[Result "1/2-1/2"]
[WhiteElo "2562"]
[BlackElo "2543"]
[PlyCount "65"]
[EventDate "2024.11.01"]
[EventType "team-tourn"]
[EventRounds "11"]
[EventCountry "CZE"]
[SourceTitle "CB45_2024"]
[Source "ChessBase"]
[SourceDate "2024.11.06"]
[SourceVersion "1"]
[SourceVersionDate "2024.11.06"]
[SourceQuality "1"]
[WhiteTeam "Unichess"]
[BlackTeam "Poruba Slavoj"]
[WhiteTeamCountry "CZE"]
[BlackTeamCountry "CZE"]

1. d4 d5 2. c4 c6 3. Nf3 Nf6 4. e3 Bf5 5. Nc3 e6 6. Nh4 Be4 7. f3 Bg6 8. Bd2 Be7 9. Nxg6 hxg6 10. Qc2 Nbd7 11. 0-0-0 a6 12. Kb1 dxc4 13. Bxc4 c5 14. g4 Nb6 15. Bxe6 cxd4 16. g5 dxc3 17. gxf6 Bxf6 18. Bxc3 Qc7 19. Bb3 Bxc3 20. Rd4 Rd8 21. Qe4+ Kf8 22. Rxd8+ Qxd8 23. Qxb7 Qd3+ 24. Bc2 Qxe3 25. Qb8+ Qe8 26. Qxb6 Bf6 27. Qxa6 Kg8 28. Be4 Qe5 29. Qc8+ Kh7 30. Qh3+ Kg8 31. Qg2 Rh5 32. Qc2 Qb8 33. Bd3 1/2-1/2

[Event "CRO-chT1B 32nd"]
[Site "Veli Losinj"]
[Date "2024.10.06"]
[Round "2.1"]
[White "Kaczur, Florian"]
[Black "Michalik, Peter"]
[Result "1/2-1/2"]
[WhiteElo "2502"]
[BlackElo "2564"]
[PlyCount "25"]
[EventDate "2024.10.05"]
[EventType "team-tourn"]
[EventRounds "9"]
[EventCountry "CRO"]
[SourceTitle "CB47_2024"]
[SourceDate "2024.11.20"]
[SourceVersion "1"]
[SourceVersionDate "2024.11.20"]
[SourceQuality "1"]
[WhiteTeam "Novo Virje Konaki"]
[BlackTeam "Slavonski Brod Djakovic"]
[WhiteTeamCountry "CRO"]
[BlackTeamCountry "CRO"]

1. d4 Nf6 2. Nf3 d5 3. c4 e6 4. Nc3 h6 5. cxd5 exd5 6. Bf4 Bd6 7. Bxd6 Qxd6 8. Qc2 0-0 9. e3 Nc6 10. Be2 Bg4 11. h3 Bxf3 12. Bxf3 Nd8 13. 0-0 1/2-1/2

[Event "Teplice op 17th"]
[Site "Teplice"]
[Date "2024.06.16"]
[Round "2"]
[White "Freisler, Pavel"]
[Black "Michalik, Peter"]
[Result "0-1"]
[WhiteElo "2261"]
[BlackElo "2576"]
[PlyCount "78"]
[EventDate "2024.06.15"]
[EventType "swiss"]
[EventRounds "9"]
[EventCountry "CZE"]
[SourceTitle "CBM 220 Extra"]
[Source "ChessBase"]
[SourceDate "2024.07.31"]
[SourceVersion "1"]
[SourceVersionDate "2024.07.31"]
[SourceQuality "1"]

1. Nf3 d5 2. d4 Nf6 3. c4 e6 4. g3 Bb4+ 5. Bd2 a5 6. Bg2 0-0 7. Qc2 Be7 8. 0-0 Nbd7 9. Rd1 c6 10. Bf4 a4 11. cxd5 exd5 12. Nc3 a3 13. b3 Bb4 14. Ne5 Re8 15. Na4 Nf8 16. Bg5 Be7 17. Nc3 Ne6 18. Bxf6 Bxf6 19. f4 Be7 20. e4 f6 21. Nf3 dxe4 22. Nxe4 Nc7 23. Nc5 Bf8 24. Re1 Nd5 25. Rxe8 Qxe8 26. Re1 Qf7 27. Nd2 Nb4 28. Qb1 b6 29. Na4 Qa7 30. Re8 Bg4 31. Rxa8 Qxa8 32. Be4 Qd8 33. Bxh7+ Kh8 34. Qe4 Nxa2 35. Bg6 Nc1 36. Nc3 Qe7 37. Qxe7 Bxe7 38. Bb1 Bb4 39. Nde4 f5 0-1

[Event "CZE-chT1W 2324"]
[Site "Czech Republic"]
[Date "2023.12.10"]
[Round "4.1"]
[White "Vlasak, Lukas"]
[Black "Michalik, Peter"]
[Result "1/2-1/2"]
[WhiteElo "2442"]
[BlackElo "2576"]
[PlyCount "39"]
[EventDate "2023.10.29"]
[EventType "team-tourn"]
[EventRounds "11"]
[EventCountry "CZE"]
[SourceTitle "EXT 2025"]
[Source "ChessBase"]
[SourceDate "2024.10.14"]
[SourceVersion "1"]
[SourceVersionDate "2024.10.14"]
[SourceQuality "1"]
[WhiteTeam "Vysehrad"]
[BlackTeam "Unichess"]
[WhiteTeamCountry "CZE"]
[BlackTeamCountry "CZE"]

1. d4 d5 2. c4 e6 3. Nf3 Nf6 4. g3 Be7 5. Bg2 0-0 6. 0-0 dxc4 7. Qc2 a6 8. a4 Nc6 9. Qxc4 Na5 10. Qc2 b6 11. Ne5 Bb7 12. Bxb7 Nxb7 13. Nc6 Qe8 14. Rd1 Bc5 15. Ne5 Bd6 16. Nd2 Rc8 17. Nc6 Nd5 18. e4 Ne7 19. Nxe7+ Bxe7 20. Nc4 1/2-1/2